000 00828nab a2200253 u 4500
001 18911
003 HDC
007 cr bn ---aaaaa
008 210227c20120817xx dr|noo 0 a eng d
040 _aHDC
245 0 _aUSA: Pharmacist makes 'halal' vitamins for American Muslims
260 _a[No place] :
_b[publisher not identified],
_c2012
300 _a1 online resource
336 _atext
_2rdacontent
337 _acomputer
_2rdamedia
338 _aonline resource
_2rdacarrier
650 _aHalal vitamins
_917597
650 _aPharmaceuticals
_94568
710 _aHalal Focus
856 _zRequest full-text at [email protected]
942 _2lcc
942 _cNEWS
942 _kNWSO 006171
999 _c16227
_d16227